000 00577nam a2200229Ia 4500
003 OSt
005 20221005133452.0
006 a|||||r|||| 00| 0
007 ta
008 221004b |||||||| |||| 00| 0 mal d
024 _a56080
037 _cTextual
040 _aCRL
_cCRL
_bmal
041 _2mal
_amal
082 _aO32,3MRE,1, J4
100 _aNair Reiru Au.
_9642474
245 0 _aYaganakathakal
260 _c1954
650 _aMALAYALAM FICTION
_9183428
942 _hO32,3MRE,1, J4
_cTEXL
_2cc
999 _c1066918
_d1066918